000 00370pab a2200145 454500
008 180718b1987 xxu||||| |||| 00| 0 eng d
100 _aGanguly, Shivaji
245 _aFederalism in India
_bSteps to the future (Review article)
260 _c1987
300 _a315-24
362 _aJul.-Dec.
650 _aFederalism - India
773 _aIndia Quarterly
909 _a8429
999 _c8429
_d8429